00368 a2200109 4500001001000000005001700010008004100027245006500068100003100133773007700164999001700241ART_4047320260410162013.0260409a 10aLa responsabilidad del Estado. Los déficit de la ley 269441 aBalbín, Carlos Francisco0 tTemas de derecho administrativog- Año 1, Nº 10 (oct. 2016)wREV40468 c32354d32354